| 000 | 00000nam##2200000za#4500 |
| 001 | 9.618703 |
| 003 | CaOODSP |
| 005 | 20220125145841 |
| 007 | ta |
| 008 | 150406|2008||||xxc||||| f|0| 0 eng|d |
| 020 | |a978-0-662-48114-0 |
| 040 | |aCaOODSP|beng |
| 043 | |an-cn--- |
| 086 | 1 |aD4-4/5-2-2008E |
| 110 | 1 |aCanada. |bDepartment of National Defence. |
| 245 | 10|aLeveraging trust : |ba force multiplier for today / |cEdited by Lieutenant-Colonel Jeff Stouffer & Craig Leslie Mantle. |
| 260 | |bNational Defence |cc2008. |
| 300 | |axii, 125p. : |bglossary, references, index ; |c23 cm. |
| 490 | 1 |aIn harm's way |
| 520 | 3 |aFocuses specifically on the dynamics of trust – how it is initially created, maintained over time and repaired when lost – and illustrates the pivotal role that it plays in achieving mission success. |
| 563 | |aSoftcover |
| 590 | |a09-33|b2009-08-14 |
| 720 | 1 |aMantle, Craig Leslie |
| 720 | 1 |aStouffer, Jeff |
| 775 | 08|tL'atout de la confiance : |w(CaOODSP)9.628323 |
| 776 | 0#|tLeveraging trust : |w(CaOODSP)9.575147 |
| 830 | #0|aIn harm's way.|w(CaOODSP)9.515318 |